[Event "Rome Elo op 5th"]
[Site "Rome"]
[Date "2009.09.16"]
[Round "1"]
[White "Capitani, Roberto"]
[Black "Roberti, Bruno"]
[Result "0-1"]
[WhiteElo "1572"]
[BlackElo "1947"]
[PlyCount "55"]
[EventDate "2009.09.16"]
[EventType "swiss"]
[EventRounds "5"]
[EventCountry "ITA"]
[SourceTitle "EXT 2012"]
[Source "ChessBase"]
[SourceDate "2011.11.24"]
[SourceVersion "1"]
[SourceVersionDate "2011.11.24"]
[SourceQuality "1"]

1. e4 e5 2. Nf3 Nc6 3. Bb5 Nf6 4. Nc3 Bd6 5. 0-0 0-0 6. d3 h6 7. Be3 Re8 8. h3 a6 9. Bxc6 dxc6 10. a3 c5 11. Na4 b6 12. c4 Bb7 13. Nc3 Bf8 14. Nh4 Nxe4 15. Qg4 Ng5 16. Nf5 g6 17. Ng3 Bc8 18. Qe2 f5 19. f4 exf4 20. Rxf4 Bd6 21. Nge4 Bxf4 22. Bxf4 fxe4 23. h4 exd3 24. Qd2 Qd4+ 25. Kh1 Ne4 26. Re1 Nxd2 27. Rxe8+ Kf7 28. Rh8 0-1

[Event "Rome Elo op 4th"]
[Site "Rome"]
[Date "2009.05.27"]
[Round "4"]
[White "Roberti, Bruno"]
[Black "Foschini, Andrea"]
[Result "1-0"]
[WhiteElo "1969"]
[BlackElo "1815"]
[PlyCount "69"]
[EventDate "2009.05.06"]
[EventType "swiss"]
[EventRounds "7"]
[EventCountry "ITA"]
[SourceTitle "EXT 2011"]
[Source "ChessBase"]
[SourceDate "2010.11.26"]
[SourceVersion "1"]
[SourceVersionDate "2010.11.26"]
[SourceQuality "1"]

1. e4 c5 2. Nf3 e6 3. b3 Nf6 4. e5 Nd5 5. Bb2 Nc6 6. Bb5 Qb6 7. Bxc6 Qxc6 8. 0-0 Be7 9. c4 Nf4 10. d4 cxd4 11. Bxd4 0-0 12. Nc3 b6 13. Be3 Ng6 14. Nd4 Qc7 15. f4 a6 16. Ne4 Bb7 17. Qd3 Rfd8 18. Rad1 d5 19. exd6 Bxd6 20. Nxd6 Rxd6 21. Qe2 e5 22. fxe5 Nxe5 23. Qh5 Rg6 24. g3 Re8 25. Rd2 Ng4 26. Bf4 Qc8 27. Qf5 Qa8 28. Bc7 f6 29. Qd7 b5 30. c5 Ne5 31. Bxe5 fxe5 32. Nf5 Qc8 33. Ne7+ Rxe7 34. Qxe7 Re6 35. Rd8+ 1-0

[Event "Rome Elo op 3rd"]
[Site "Rome"]
[Date "2009.03.11"]
[Round "1"]
[White "Migliozzi, Giuseppe"]
[Black "Roberti, Bruno"]
[Result "0-1"]
[WhiteElo "1732"]
[BlackElo "1990"]
[PlyCount "58"]
[EventDate "2009.03.11"]
[EventType "swiss"]
[EventRounds "6"]
[EventCountry "ITA"]
[SourceTitle "EXT 2011"]
[Source "ChessBase"]
[SourceDate "2010.11.26"]
[SourceVersion "1"]
[SourceVersionDate "2010.11.26"]
[SourceQuality "1"]

1. Nf3 d5 2. b3 Bg4 3. Bb2 e6 4. e3 Nf6 5. Be2 Bd6 6. 0-0 Nbd7 7. d4 0-0 8. Nbd2 Qe7 9. c4 c6 10. c5 Bc7 11. h3 Bh5 12. b4 e5 13. Re1 e4 14. Nh2 Bxe2 15. Qxe2 Ne8 16. a4 f5 17. Nhf1 Qh4 18. f4 g5 19. fxg5 Qxg5 20. b5 Rf6 21. a5 a6 22. b6 Bb8 23. Rac1 Rh6 24. Kh1 Nef6 25. Nb1 Nh5 26. Qf2 Ndf6 27. h4 Ng3+ 28. Nxg3 Bxg3 29. Qf1 Qxh4+ 0-1